000 00494nam a2200169Ia 4500
008 230917s9999||||xx |||||||||||||| ||und||
020 _cGBP 165.00 (RS 15671.70)
040 _e5011360
_aMAIN
041 _aEnglish
082 _a581.19212 P739P
100 _aPlumptre, Anne
245 0 _aPlant water relations and mineral nutrition
260 _aWaltham Abbey Essex
_bED-Tech Press
_c2021
300 _axvi, 316 p.
500 _a4586 19/10/2022 HBD22/9434 19/10/2022 Main Budget
942 _cBK
999 _c5965
_d5965